Sacando provecho de los pobres: privatización y lucha contra la pobreza /
Salvato in:
| Autore principale: | |
|---|---|
| Altri autori: | |
| Natura: | testo |
| Soggetti: | |
| Tags: |
Aggiungi Tag
Nessun Tag, puoi essere il primo ad aggiungerne!!
|
MARC
| LEADER | 00000 a a2200000 04500 | ||
|---|---|---|---|
| 001 | 5575 | ||
| 003 | |||
| 040 | |||
| 100 | |a Waghorne, Mike | ||
| 245 | |a Sacando provecho de los pobres: privatización y lucha contra la pobreza / |c Mike Waghorne | ||
| 650 | |a POBREZA | ||
| 650 | |a PRIVATIZACION | ||
| 650 | |a SERVICIOS PUBLICOS | ||
| 700 | |a Caird, Wendy | ||
| 773 | |g número 134 -135; páginas 107-111 | ||
| 999 | |c 20681 |d 20681 | ||
